000 01219nam a22003014i 4500
001 991061739601406706
003 ES-BaIT
005 20260326124517.0
008 260326s1965 mx r 000 0 spa c
040 _aES-BaIT
_bcat
_erda
_cES-BaIT
080 _a875-2.09
100 1 _aGaribay K., Angel María
_q(Garibay Kintana),
_d1892-1967
_eautor
_921481
245 1 0 _aTeatro helénico :
_bcinco lecciones de síntesis esquemática /
_c[por] Angel Ma. Garibay K.
246 3 _aCinco lecciones de síntesis esquemática
250 _aPrimera edición
264 1 _aMéxico :
_bInstituto Nacional de Bellas Artes, Departamento de Teatro,
_c1965
300 _a143 pàgines ;
_c17 cm
336 _atext
_btxt
_2rdacontent
337 _asense mediació
_bn
_2rdamedia
338 _avolum
_bnc
_2rdacarrier
490 0 _aColección de teatro;
_v1
504 _aInclou bibliografia pàgina 9
505 8 _aConté: Teatro helénico, síntesis esquemática.--Esquilo, la tragedia hierática.--Sófocles, la tragedia político-social.--Eurípides, la tragedia humana.--Aristófanes, la comedia
650 0 _aTeatre clàssic grec
_xHistòria i crítica
_968634
908 _aCDMAE
940 _aCDMAE
942 _2udc
_c1
999 _c137326
_d137326